[Event "South America-ch U16 17th"]
[Site "Guayaquil"]
[Date "2022.01.29"]
[Round "7"]
[White "Hernandez Ojeda, Garry Anatholy"]
[Black "Vargas Sotelo, Victor Salomon"]
[Result "1-0"]
[WhiteElo "1621"]
[BlackElo "1626"]
[PlyCount "97"]
[EventDate "2022.01.25"]
[EventType "swiss"]
[EventRounds "9"]
[EventCountry "ECU"]
[SourceTitle "CBM 206 Extra"]
[Source "ChessBase"]
[SourceDate "2022.03.31"]
[SourceVersion "1"]
[SourceVersionDate "2022.03.31"]
[SourceQuality "1"]

1. e4 c5 2. Nf3 e6 3. c3 Nc6 4. d4 d5 5. e5 Qb6 6. Bd3 Bd7 7. dxc5 Bxc5 8. 0-0 a5 9. Na3 Bxa3 10. bxa3 Nge7 11. Re1 Ng6 12. h4 Qc7 13. Qe2 Na7 14. Rb1 0-0 15. h5 Ne7 16. h6 g6 17. Bg5 Nac6 18. Qe3 Nf5 19. Qd2 d4 20. Bf6 dxc3 21. Qf4 Bc8 22. Be4 Re8 23. g4 Nfe7 24. Bh8 f5 25. Bxc6 bxc6 26. Qg5 Nd5 27. Bg7 Qe7 28. Bf6 Qxa3 29. Nh4 Qa4 30. gxf5 exf5 31. f3 Qf4 32. Qg2 Qxh6 33. Bg5 Qg7 34. Qh2 h6 35. Bc1 g5 36. Kh1 Kf7 37. Ng2 Re6 38. Ba3 Ba6 39. Bd6 f4 40. Rg1 Qg6 41. Qh3 c2 42. Rb2 Qd3 43. Qh5+ Qg6 44. Qh3 Ne3 45. Nxf4 gxf4 46. Rxg6 c1Q+ 47. Rg1 Qxg1+ 48. Kxg1 Rg6+ 49. Kh2 1-0

[Event "South America-ch U16 17th"]
[Site "Guayaquil"]
[Date "2022.01.26"]
[Round "2"]
[White "Guaraca Pintado, Juan Pablo"]
[Black "Vargas Sotelo, Victor Salomon"]
[Result "1-0"]
[WhiteElo "1789"]
[BlackElo "1626"]
[PlyCount "44"]
[EventDate "2022.01.25"]
[EventType "swiss"]
[EventRounds "9"]
[EventCountry "ECU"]
[SourceTitle "CBM 206 Extra"]
[Source "ChessBase"]
[SourceDate "2022.03.31"]
[SourceVersion "1"]
[SourceVersionDate "2022.03.31"]
[SourceQuality "1"]

1. e4 c6 2. d4 d5 3. Nc3 dxe4 4. Nxe4 Nd7 5. Ng5 Ngf6 6. Bd3 e6 7. Qe2 Be7 8. N1f3 0-0 9. Bd2 c5 10. Ne5 Nb6 11. dxc5 Bxc5 12. 0-0 Bd4 13. Bb4 Bxe5 14. Qxe5 Re8 15. Rad1 Bd7 16. Bc3 h6 17. Bh7+ Kf8 18. Ne4 Nbd5 19. Rxd5 Nxd5 20. Qxg7+ Ke7 21. Qf6+ Kf8 22. Qxh6+ Ke7 1-0

[Event "South America-ch U16 17th"]
[Site "Guayaquil"]
[Date "2022.01.25"]
[Round "1"]
[White "Vargas Sotelo, Victor Salomon"]
[Black "Bermeo Apolinario, Bismarck Eduardo"]
[Result "1-0"]
[WhiteElo "1626"]
[BlackElo "1234"]
[PlyCount "47"]
[EventDate "2022.01.25"]
[EventType "swiss"]
[EventRounds "9"]
[EventCountry "ECU"]
[SourceTitle "CBM 206 Extra"]
[Source "ChessBase"]
[SourceDate "2022.03.31"]
[SourceVersion "1"]
[SourceVersionDate "2022.03.31"]
[SourceQuality "1"]

1. e4 d5 2. exd5 Qxd5 3. Nc3 Qa5 4. d4 c6 5. Nf3 Nf6 6. Bd2 Bf5 7. Bc4 Qc7 8. 0-0 e6 9. Re1 Bd6 10. Bg5 Nbd7 11. d5 cxd5 12. Bxd5 0-0 13. Nb5 Qb8 14. Nxd6 Qxd6 15. Bxb7 Qxd1 16. Raxd1 Rab8 17. Bc6 Bxc2 18. Rd2 Rxb2 19. Bxd7 Nxd7 20. Rxd7 Rxa2 21. Nd4 f6 22. Nxe6 Re8 23. Rxg7+ Kh8 24. Bxf6 1-0

[Event "Preinscritos IRT Online"]
[Site "Chess.com INT"]
[Date "2020.12.26"]
[Round "5"]
[White "Cajamarca Gordillo, Sebastian Alejandro"]
[Black "Vargas Sotelo, Victor Salomon"]
[Result "0-1"]
[WhiteElo "1670"]
[BlackElo "1996"]
[PlyCount "58"]
[EventDate "2020.12.26"]
[EventType "swiss"]
[EventRounds "11"]
[EventCountry "ECU"]
[SourceTitle "CBM 200 Extra"]
[Source "ChessBase"]
[SourceDate "2021.03.31"]
[SourceVersion "1"]
[SourceVersionDate "2021.03.31"]
[SourceQuality "1"]

1. d4 c6 2. c4 d5 3. Nc3 Nf6 4. cxd5 cxd5 5. Nf3 Nc6 6. e3 Bg4 7. Be2 e6 8. 0-0 Rc8 9. Nd2 Bxe2 10. Qxe2 Bd6 11. b3 0-0 12. Bb2 e5 13. dxe5 Bxe5 14. Rab1 Re8 15. Qd3 Nb4 16. Qb5 Qd6 17. Rfc1 a6 18. Qe2 Bxh2+ 19. Kf1 Be5 20. a3 Nc6 21. Qd3 Rcd8 22. Na4 Bxb2 23. Rxb2 d4 24. Nc5 Qh2 25. Qc4 dxe3 26. fxe3 Rxe3 27. Nf3 Qg3 28. Rf2 Ng4 29. Nxb7 Qxf2# 0-1

[Event "Preinscritos IRT Online"]
[Site "Chess.com INT"]
[Date "2020.12.26"]
[Round "2"]
[White "Vargas Sotelo, Victor Salomon"]
[Black "Cajeca Yata, Josue Daniel"]
[Result "0-1"]
[WhiteElo "1996"]
[BlackElo "1324"]
[PlyCount "34"]
[EventDate "2020.12.26"]
[EventType "swiss"]
[EventRounds "11"]
[EventCountry "ECU"]
[SourceTitle "CBM 200 Extra"]
[Source "ChessBase"]
[SourceDate "2021.03.31"]
[SourceVersion "1"]
[SourceVersionDate "2021.03.31"]
[SourceQuality "1"]

1. e4 g6 2. Nc3 Bg7 3. Bc4 d6 4. d3 Nf6 5. Be3 c5 6. Qd2 Nc6 7. Bh6 Rg8 8. Nf3 Bd7 9. Ng5 Bxh6 10. Bxf7+ Kf8 11. Nxh7+ Kxf7 12. Qxh6 Nxh7 13. Qxh7+ Rg7 14. Qh6 Qh8 15. Qf4+ Ke8 16. 0-0-0 Nd4 17. Nd5 Ne2+ 0-1

[Event "Preinscritos IRT Online"]
[Site "Chess.com INT"]
[Date "2020.12.26"]
[Round "11"]
[White "Vargas Sotelo, Victor Salomon"]
[Black "Chang Suarez, Andres Felipe"]
[Result "1-0"]
[WhiteElo "1996"]
[BlackElo "2206"]
[PlyCount "139"]
[EventDate "2020.12.26"]
[EventType "swiss"]
[EventRounds "11"]
[EventCountry "ECU"]
[SourceTitle "CBM 200 Extra"]
[Source "ChessBase"]
[SourceDate "2021.03.31"]
[SourceVersion "1"]
[SourceVersionDate "2021.03.31"]
[SourceQuality "1"]

1. e4 e6 2. d4 d5 3. Nc3 Nf6 4. Bg5 Be7 5. Bxf6 Bxf6 6. Nf3 0-0 7. Bd3 g6 8. 0-0 c6 9. Re1 Bg7 10. exd5 exd5 11. Qd2 Bg4 12. Ne5 Be6 13. f4 Nd7 14. Qf2 Qb6 15. Rab1 Rae8 16. Ne2 f6 17. Nxd7 Bxd7 18. c3 a5 19. f5 g5 20. Ng3 Rxe1+ 21. Rxe1 Be8 22. Re7 Bf7 23. Qe2 c5 24. dxc5 Qxc5+ 25. Kh1 b6 26. Bb5 d4 27. c4 d3 28. Qe3 d2 29. Qxc5 bxc5 30. Ba4 Bxc4 31. Bd1 Rd8 32. b3 Bf7 33. h3 c4 34. bxc4 Bxc4 35. Ne2 Bxe2 36. Rxe2 Bf8 37. Bb3+ Kg7 38. Bd1 Bb4 39. Kh2 h5 40. Re6 h4 41. Ra6 Rc8 42. Ra7+ Kh6 43. Bh5 Bd6+ 44. g3 hxg3+ 45. Kg2 Rc7 46. Ra8 Kg7 47. Bd1 Rc1 48. Rd8 Be5 49. Rd7+ Kf8 50. Rxd2 Ke7 51. Bf3 Rc3 52. Re2 a4 53. Rd2 a3 54. Re2 Rc4 55. Rd2 Rb4 56. Rc2 Rb2 57. Bd1 Kd6 58. Rxb2 axb2 59. Bc2 Kc5 60. Kf3 Kb4 61. a4 Kc3 62. Bb1 Kd2 63. a5 Kc1 64. Be4 b1Q 65. Bxb1 Kxb1 66. a6 g2 67. Kxg2 Kc2 68. Kf3 Kd3 69. a7 Bd4 70. a8Q 1-0

[Event "Preinscritos IRT Online"]
[Site "Chess.com INT"]
[Date "2020.12.26"]
[Round "1"]
[White "Villagomez Martinez, Luis Angel"]
[Black "Vargas Sotelo, Victor Salomon"]
[Result "1-0"]
[WhiteElo "1988"]
[BlackElo "1996"]
[PlyCount "51"]
[EventDate "2020.12.26"]
[EventType "swiss"]
[EventRounds "11"]
[EventCountry "ECU"]
[SourceTitle "CBM 200 Extra"]
[Source "ChessBase"]
[SourceDate "2021.03.31"]
[SourceVersion "1"]
[SourceVersionDate "2021.03.31"]
[SourceQuality "1"]

1. e4 c6 2. d4 d5 3. Nc3 dxe4 4. Nxe4 Nf6 5. Ng3 e6 6. Nf3 Bd6 7. c3 Nbd7 8. Bd3 Qc7 9. 0-0 0-0 10. Bd2 Bxg3 11. hxg3 h6 12. Qc1 Ng4 13. Re1 Ndf6 14. Bf4 Qd7 15. Bb1 Nd5 16. Bd2 Re8 17. Ne5 Nxe5 18. dxe5 Ne7 19. Bxh6 gxh6 20. Qxh6 Ng6 21. Bxg6 fxg6 22. Qxg6+ Qg7 23. Qxe8+ Kh7 24. Qh5+ Kg8 25. Re4 Bd7 26. Rg4 1-0

[Event "Wch FIDE Online U14 America qual"]
[Site "Tornelo INT"]
[Date "2020.12.02"]
[Round "2"]
[White "Issani, Nameer"]
[Black "Vargas Sotelo, Victor Salomon"]
[Result "1-0"]
[WhiteElo "2070"]
[BlackElo "1581"]
[PlyCount "71"]
[EventDate "2020.12.01"]
[EventType "swiss (rapid)"]
[EventRounds "7"]
[EventCountry "ISS"]
[SourceTitle "EXT 2022"]
[Source "ChessBase"]
[SourceDate "2021.10.06"]
[SourceVersion "1"]
[SourceVersionDate "2021.10.06"]
[SourceQuality "1"]

1. Nf3 Nc6 2. g3 e5 3. d3 Bc5 4. Bg2 d6 5. 0-0 Bf5 6. Nbd2 Qd7 7. c3 Bh3 8. a4 a5 9. b3 h5 10. Ne4 Bb6 11. Be3 d5 12. Bxh3 Qxh3 13. Neg5 Qd7 14. Bxb6 cxb6 15. Nh4 Nge7 16. e4 f6 17. Ngf3 g5 18. Ng2 0-0-0 19. Qe2 Ng6 20. Ne3 Nce7 21. c4 d4 22. Nd5 Nxd5 23. cxd5 Kb8 24. Rac1 h4 25. Nd2 Rh7 26. Nc4 Ka7 27. Na3 Rdh8 28. Rc7 Qd8 29. Rxh7 Rxh7 30. Nb5+ Kb8 31. Rc1 hxg3 32. fxg3 Qh8 33. Qc2 Qd8 34. d6 Rd7 35. Qc7+ Qxc7 36. dxc7+ 1-0

[Event "ECU-ch Schools U15 Clas2"]
[Site "Chess.com INT"]
[Date "2020.11.07"]
[Round "9"]
[White "Vargas Sotelo, Victor Salomon"]
[Black "Obaco Cuenca, Dalthon Farid"]
[Result "1/2-1/2"]
[WhiteElo "1654"]
[BlackElo "1309"]
[PlyCount "35"]
[EventDate "2020.11.07"]
[EventType "swiss"]
[EventRounds "9"]
[EventCountry "ECU"]
[SourceTitle "EXT 2022"]
[Source "ChessBase"]
[SourceDate "2021.10.06"]
[SourceVersion "1"]
[SourceVersionDate "2021.10.06"]
[SourceQuality "1"]

1. e4 c5 2. Nc3 d6 3. Bc4 Nf6 4. d3 e6 5. Nge2 Be7 6. Bg5 a6 7. a4 Qc7 8. 0-0 Nc6 9. f4 Bd7 10. Ng3 h6 11. Bxf6 Bxf6 12. Qd2 Nd4 13. f5 exf5 14. Nxf5 Bxf5 15. exf5 0-0 16. Nd5 Qd8 17. c3 Nc6 18. Rae1 1/2-1/2

[Event "ECU-ch Schools U15 Clas2"]
[Site "Chess.com INT"]
[Date "2020.11.07"]
[Round "6"]
[White "Vargas Sotelo, Victor Salomon"]
[Black "Palacios Gordillo, Camila Estefania"]
[Result "1-0"]
[WhiteElo "1654"]
[BlackElo "1270"]
[PlyCount "49"]
[EventDate "2020.11.07"]
[EventType "swiss"]
[EventRounds "9"]
[EventCountry "ECU"]
[SourceTitle "EXT 2022"]
[Source "ChessBase"]
[SourceDate "2021.10.06"]
[SourceVersion "1"]
[SourceVersionDate "2021.10.06"]
[SourceQuality "1"]

1. e4 c5 2. Nc3 d6 3. Bc4 Nf6 4. d3 g6 5. Be3 Bg7 6. Qd2 Ng4 7. Bf4 0-0 8. f3 Ne5 9. Bh6 Nxc4 10. dxc4 Nc6 11. h4 Ne5 12. b3 Nc6 13. h5 Qa5 14. Bxg7 Kxg7 15. hxg6 fxg6 16. Qh6+ Kf6 17. Qh4+ Ke6 18. Nge2 Nd4 19. Qg4+ Kf6 20. Qf4+ Kg7 21. Qh6+ Kf6 22. Qxf8+ Ke6 23. Rxh7 Nc6 24. Kf2 Nd4 25. Qxe7# 1-0

[Event "ECU-ch Schools U15 Clas1"]
[Site "Chess.com INT"]
[Date "2020.11.05"]
[Round "6"]
[White "Obaco Cuenca, Dalthon Farid"]
[Black "Vargas Sotelo, Victor Salomon"]
[Result "1-0"]
[WhiteElo "1309"]
[BlackElo "1654"]
[PlyCount "125"]
[EventDate "2020.11.05"]
[EventType "swiss"]
[EventRounds "9"]
[EventCountry "ECU"]
[SourceTitle "EXT 2022"]
[Source "ChessBase"]
[SourceDate "2021.10.06"]
[SourceVersion "1"]
[SourceVersionDate "2021.10.06"]
[SourceQuality "1"]

1. e4 c6 2. d4 d5 3. Nd2 dxe4 4. Nxe4 Bf5 5. Ng3 Bg6 6. h4 h6 7. Nf3 Nf6 8. h5 Bh7 9. Bd3 Bxd3 10. Qxd3 e6 11. Bf4 Bd6 12. Bxd6 Qxd6 13. 0-0-0 Nbd7 14. c3 0-0-0 15. Rhe1 Nc5 16. Qc4 Qf4+ 17. Kb1 Nce4 18. Nxe4 Nxe4 19. Ne5 Nd2+ 20. Rxd2 Qxd2 21. Rc1 Rd5 22. Qa4 Kb8 23. Qb4 Rc8 24. Qe7 f6 25. Nd7+ Ka8 26. Nc5 Rb8 27. Qc7 e5 28. Nd7 Qd3+ 29. Ka1 Re8 30. Nc5 Qb5 31. c4 Rxc5 32. dxc5 Qxc5 33. Rd1 Qb6 34. Qxb6 axb6 35. Rd7 Rg8 36. a4 Kb8 37. b4 Kc8 38. Rf7 Kb8 39. Kb2 Kc8 40. Kc3 Kb8 41. c5 bxc5 42. bxc5 Ka7 43. Kb4 Ka6 44. Re7 b6 45. cxb6 Kxb6 46. a5+ Ka6 47. Rc7 Rb8+ 48. Ka4 Rd8 49. Rxc6+ Kb7 50. Rc3 Rd2 51. Kb5 Rb2+ 52. Ka4 Rxf2 53. Rb3+ Ka7 54. Rg3 Rf4+ 55. Kb5 Rf1 56. Rxg7+ Kb8 57. Kb6 Rb1+ 58. Kc6 e4 59. a6 Rb2 60. Re7 e3 61. Rxe3 Ka7 62. Re6 Rb6+ 63. Kd7 1-0

[Event "Pan American-ch U14"]
[Site "Guayaquil"]
[Date "2019.07.27"]
[Round "9"]
[White "Kang, Dorian"]
[Black "Vargas Sotelo, Victor Salomon"]
[Result "1-0"]
[WhiteElo "2087"]
[BlackElo "1513"]
[PlyCount "103"]
[EventDate "2019.07.21"]
[EventType "swiss"]
[EventRounds "9"]
[EventCountry "ECU"]
[SourceTitle "EXT 2020"]
[Source "ChessBase"]
[SourceDate "2019.10.17"]
[SourceVersion "1"]
[SourceVersionDate "2019.10.17"]
[SourceQuality "1"]

1. e4 c5 2. Nf3 d6 3. d4 cxd4 4. Nxd4 Nf6 5. f3 a6 6. c4 Nc6 7. Be3 g6 8. Nc3 Bg7 9. Qd2 0-0 10. Be2 Bd7 11. 0-0 Rc8 12. Nxc6 Bxc6 13. b4 Nd7 14. Rac1 Nf6 15. Rfd1 Re8 16. Qe1 Bd7 17. Qf2 Qc7 18. Bb6 Qb8 19. Ba7 Qa8 20. Be3 Be6 21. Na4 Nd7 22. Bf1 Rc6 23. c5 dxc5 24. b5 Rd6 25. Nxc5 Rxd1 26. Rxd1 Nxc5 27. Bxc5 axb5 28. Bxb5 Rc8 29. a4 Rd8 30. Rb1 Qc8 31. Kh1 Bf8 32. Qe3 f6 33. Rc1 Qb8 34. Qa3 Qf4 35. Rg1 Kf7 36. a5 Bd7 37. Rd1 Qc7 38. Bb6 Qc2 39. Rc1 Qd2 40. Bxd8 Bxb5 41. Qc3 Qxc3 42. Rxc3 Ba6 43. Bb6 h5 44. g3 e5 45. Rc7+ Ke6 46. Bc5 Bxc5 47. Rxc5 Kd7 48. Kg2 Kd6 49. Rc3 Kd7 50. g4 hxg4 51. fxg4 Ke6 52. Rb3 1-0

[Event "Pan American-ch U14"]
[Site "Guayaquil"]
[Date "2019.07.22"]
[Round "2"]
[White "Vargas Sotelo, Victor Salomon"]
[Black "McKennis, Darren"]
[Result "1-0"]
[WhiteElo "1513"]
[BlackElo "1774"]
[PlyCount "117"]
[EventDate "2019.07.21"]
[EventType "swiss"]
[EventRounds "9"]
[EventCountry "ECU"]
[SourceTitle "EXT 2020"]
[Source "ChessBase"]
[SourceDate "2019.10.17"]
[SourceVersion "1"]
[SourceVersionDate "2019.10.17"]
[SourceQuality "1"]

1. e4 c6 2. d4 d5 3. exd5 cxd5 4. Bd3 Nc6 5. c3 Nf6 6. h3 g6 7. Bf4 Bf5 8. Bxf5 gxf5 9. Nd2 Rg8 10. Qf3 Qc8 11. Ne2 Ne4 12. Ng3 Nxg3 13. Bxg3 Qe6+ 14. Kf1 Bh6 15. Nb3 Qe4 16. Qxe4 fxe4 17. Nc5 f5 18. Ne6 Kf7 19. Bf4 Bxf4 20. Nxf4 e6 21. Ke2 Raf8 22. Rhg1 Ke7 23. b4 Kd6 24. Rgd1 Ne7 25. a4 Rc8 26. Rac1 Rc4 27. Rd2 Rgc8 28. Rdc2 e5 29. dxe5+ Kxe5 30. g3 Nc6 31. Kd2 d4 32. cxd4+ Rxd4+ 33. Ke3 Rcd8 34. Rc5+ Kf6 35. b5 Na5 36. g4 fxg4 37. hxg4 Rxa4 38. Rf5+ Ke7 39. Rc7+ Kd6 40. Rxh7 Nc4+ 41. Kxe4 Re8+ 42. Kf3 Ra3+ 43. Kg2 Ne5 44. Rf6+ Kc5 45. Rh5 Kc4 46. Ne6 Rf3 47. Rxf3 Nxf3 48. Kxf3 Rxe6 49. Kg3 a5 50. bxa6 Rxa6 51. g5 Rg6 52. f4 Kd5 53. Kg4 b5 54. f5 Rg8 55. g6 b4 56. Kg5 Ke5 57. f6 Rf8 58. g7 Rg8 59. Rh8 1-0

[Event "ECU-ch U16"]
[Site "Guayaquil"]
[Date "2019.04.21"]
[Round "8"]
[White "Vargas Sotelo, Victor Salomon"]
[Black "Velin Vizuma, Juan Pablo"]
[Result "1-0"]
[WhiteElo "1567"]
[BlackElo "1482"]
[PlyCount "125"]
[EventDate "2019.04.17"]
[EventType "swiss"]
[EventRounds "9"]
[EventCountry "ECU"]
[SourceTitle "CBM 190 Extra"]
[Source "ChessBase"]
[SourceDate "2019.07.15"]
[SourceVersion "1"]
[SourceVersionDate "2019.07.15"]
[SourceQuality "1"]

1. e4 d5 2. exd5 Qxd5 3. Nc3 Qa5 4. Nf3 Nf6 5. Bc4 Bf5 6. d3 Nbd7 7. Bd2 c6 8. 0-0 e6 9. a3 Qc7 10. Re1 Bd6 11. h3 h6 12. Nd4 Bh7 13. Bxe6 0-0-0 14. Bxf7 Nc5 15. Be6+ Kb8 16. Nf3 g5 17. b4 Nxe6 18. Rxe6 Qf7 19. Re1 g4 20. hxg4 Nxg4 21. Ne4 Bxe4 22. Rxe4 Rdg8 23. Bc3 Qg6 24. Kf1 Rh7 25. Qd2 Nh2+ 26. Ke2 Qxg2 27. Nxh2 Qxh2 28. Qe3 Qh5+ 29. Qf3 Qxf3+ 30. Kxf3 Rf8+ 31. Ke3 Rhf7 32. Rf1 Rf3+ 33. Ke2 Bg3 34. Be5+ Bxe5 35. Rxe5 Kc7 36. Rh5 R8f6 37. Re5 Kd6 38. Re3 Rxe3+ 39. Kxe3 h5 40. Rh1 Rf5 41. f4 a6 42. Ke4 Ke6 43. c4 b6 44. Rg1 h4 45. Rg6+ Rf6 46. f5+ Kf7 47. Rg2 Rh6 48. Ke5 Ke7 49. d4 h3 50. Rh2 Rh5 51. c5 b5 52. d5 cxd5 53. Kxd5 Rxf5+ 54. Kc6 Rf6+ 55. Kb7 Rf3 56. Kxa6 Rxa3+ 57. Kxb5 Kd7 58. Kb6 Kc8 59. b5 Rg3 60. c6 Kb8 61. Rf2 Rg8 62. Rf7 Rh8 63. Rb7+ 1-0

[Event "ECU-ch U16"]
[Site "Guayaquil"]
[Date "2019.04.20"]
[Round "6"]
[White "Vargas Sotelo, Victor Salomon"]
[Black "Oblitas Calle, Carlos"]
[Result "1/2-1/2"]
[WhiteElo "1567"]
[BlackElo "1373"]
[PlyCount "48"]
[EventDate "2019.04.17"]
[EventType "swiss"]
[EventRounds "9"]
[EventCountry "ECU"]
[SourceTitle "CBM 190 Extra"]
[Source "ChessBase"]
[SourceDate "2019.07.15"]
[SourceVersion "1"]
[SourceVersionDate "2019.07.15"]
[SourceQuality "1"]

1. e4 Nf6 2. Nc3 e5 3. Bc4 Nxe4 4. Bxf7+ Kxf7 5. Nxe4 Nc6 6. d3 h6 7. Ne2 d5 8. N4c3 Be7 9. 0-0 Rf8 10. d4 Bd6 11. dxe5 Bxe5 12. Nxd5 Be6 13. Nef4 Bf5 14. c3 Qd6 15. g4 Bh7 16. h3 Rad8 17. Qb3 Ke8 18. Re1 Bg8 19. c4 g5 20. Qxb7 Rb8 21. Qxc7 Qxc7 22. Nxc7+ Kd7 23. Ng6 Bxc7 24. Nxf8+ Rxf8 1/2-1/2

[Event "South American-ch U10"]
[Site "Santiago de Chile"]
[Date "2016.12.03"]
[Round "4.1"]
[White "Severich, Axl"]
[Black "Vargas Sotelo, Victor Salomon"]
[Result "1-0"]
[WhiteElo "1643"]
[BlackElo "1420"]
[PlyCount "93"]
[EventDate "2016.12.01"]
[EventType "swiss"]
[EventRounds "9"]
[EventCountry "CHI"]
[SourceTitle "EXT 2022"]
[Source "ChessBase"]
[SourceDate "2021.10.06"]
[SourceVersion "1"]
[SourceVersionDate "2021.10.06"]
[SourceQuality "1"]

1. d4 g6 2. Bg5 Bg7 3. Nf3 c5 4. e3 Nf6 5. Bxf6 Bxf6 6. c3 cxd4 7. exd4 d6 8. Bd3 Nc6 9. h3 0-0 10. 0-0 Qb6 11. Qc2 Bd7 12. Nbd2 Rac8 13. Qb3 Qxb3 14. axb3 a6 15. Ne4 Bg7 16. Rfe1 Rfe8 17. Re2 h6 18. Rc1 f5 19. Bc4+ Kh7 20. Ned2 e5 21. dxe5 dxe5 22. Bd5 e4 23. Nh2 Be6 24. Bxe6 Rxe6 25. f3 Rce8 26. fxe4 Be5 27. Nhf1 Bb8 28. g3 g5 29. Kg2 f4 30. g4 Ba7 31. Nf3 Na5 32. N1d2 b5 33. b4 Nb7 34. Ra1 Rd8 35. Nb3 Red6 36. Nbd4 Bxd4 37. Nxd4 Kg6 38. e5 Rb6 39. e6 Re8 40. Kf3 Nd8 41. e7 Nf7 42. Rd1 Kg7 43. Re6 Rb7 44. Nf5+ Kh7 45. Rf6 Kg8 46. Rg6+ Kh7 47. Rg7+ 1-0

[Event "South American-ch U10"]
[Site "Santiago de Chile"]
[Date "2016.12.02"]
[Round "3.7"]
[White "Vargas Sotelo, Victor Salomon"]
[Black "Deng, Yunfai"]
[Result "1-0"]
[WhiteElo "1420"]
[BlackElo "1527"]
[PlyCount "139"]
[EventDate "2016.12.01"]
[EventType "swiss"]
[EventRounds "9"]
[EventCountry "CHI"]
[SourceTitle "EXT 2022"]
[Source "ChessBase"]
[SourceDate "2021.10.06"]
[SourceVersion "1"]
[SourceVersionDate "2021.10.06"]
[SourceQuality "1"]

1. e4 c5 2. Bc4 e6 3. Nc3 Nc6 4. d3 Nf6 5. Nge2 d5 6. exd5 exd5 7. Bb5 Be7 8. 0-0 a6 9. Bxc6+ bxc6 10. h3 Rb8 11. Rb1 Bd6 12. Bg5 h6 13. Bh4 0-0 14. f4 Re8 15. Ng3 Be7 16. Qf3 Nh7 17. Bxe7 Rxe7 18. Qf2 Qd6 19. a3 Reb7 20. Na4 d4 21. Ne4 Qd5 22. Nexc5 Rb5 23. Nb3 c5 24. Naxc5 Rxc5 25. Nxc5 Qxc5 26. Rfe1 Be6 27. c4 Rb3 28. Re5 Qb6 29. Qc2 Qb8 30. Ra5 Qb6 31. Rxa6 Qb8 32. Ra8 Qxa8 33. Qxb3 Nf6 34. Qb6 Qa4 35. Rc1 Qd7 36. c5 Nd5 37. Qb8+ Qc8 38. Qe5 Bxh3 39. Qxd5 Qe8 40. Qe4 Qb5 41. gxh3 Qxb2 42. Rf1 Qc3 43. c6 Qc5 44. Qe8+ Kh7 45. Qd7 Qc3 46. c7 Qxd3 47. Qg4 Qe3+ 48. Kg2 Qe4+ 49. Kg3 Qe3+ 50. Kh2 Qd2+ 51. Qg2 Qc3 52. Rg1 g6 53. Qe4 Qc5 54. Qe5 Qc4 55. f5 g5 56. f6 Qc2+ 57. Rg2 Qc3 58. Qf5+ Kg8 59. c8Q+ Qxc8 60. Qxc8+ Kh7 61. a4 Kg6 62. a5 d3 63. a6 d2 64. Rxd2 Kxf6 65. a7 Ke5 66. a8Q Kf6 67. Qf3+ Kg7 68. Rd7 h5 69. Qxf7+ Kh6 70. Qh8# 1-0